Music Quiz

Random Music or Artist Quiz
Score 0/100 Timer 10:00
0 Plays Today
Year Artist % Correct
1984Paul McCartney & Michael Jackson
97.3%
1980Michael Jackson
97.1%
1983Michael Jackson
97.1%
1983Michael Jackson
97.1%
1985Madonna
93.1%
1985Madonna
93.1%
1985Wham! featuring George Michael
91.2%
1985Wham!
91.2%
1980Pink Floyd
86.7%
1989Janet Jackson
86.6%
1988George Michael
86.2%
1987Bon Jovi
82.7%
1983The Police
82.3%
1984Prince
80.7%
1986Whitney Houston
78.6%
1987Whitney Houston
78.6%
1988Whitney Houston
78.6%
1988Guns n Roses
77.4%
1982Paul McCartney with Stevie Wonder
77.4%
1980Blondie
77%
1984Culture Club
77%
1981Dolly Parton
76.7%
1981Diana Ross and Lionel Richie
76.5%
1986Dionne and Friends
75.3%
1984Van Halen
74.9%
1980Queen
74.9%
1984Lionel Richie
74.7%
1986Lionel Richie
74.7%
1984Tina Turner
73.2%
1987Bangles
72.3%
1980Olivia Newton-John
70.9%
1982Olivia Newton-John
70.9%
1983Eurythmics
70.7%
1980Bette Midler
70.2%
Year Artist % Correct
1989Bette Midler
70.2%
1985a-ha
68.3%
1982John Cougar
68.1%
1982John Cougar
68.1%
1982Joan Jett & The Blackhearts
67.7%
1980Billy Joel
67.1%
1982Survivor
65.9%
1986Survivor
65.9%
1981Daryl Hall & John Oates
65.4%
1983Daryl Hall & John Oates
65.4%
1985Daryl Hall & John Oates
65.4%
1984Phil Collins
65.2%
1981Rick Springfield
64.2%
1985Dire Straits
62.8%
1984Kenny Loggins
60.9%
1989Poison
60.5%
1988Rick Astley
60.3%
1980Paul McCartney
59.9%
1983Bonnie Tyler
59.3%
1983Men at Work
58.5%
1985Tears for Fears
58.3%
1989Paula Abdul
58.1%
1989Paula Abdul
58.1%
1985Foreigner
56.4%
1986Robert Palmer
56.4%
1987Whitesnake
54.5%
1989Bobby Brown
53%
1988Tiffany
51.6%
1981Kool and the Gang
49.8%
1982The J. Geils Band
48.9%
1981Kim Carnes
48%
1988George Harrison
47.3%
1982Steve Miller Band
46.5%
1988Belinda Carlisle
46%
Year Artist % Correct
1983Irene Cara
45.8%
1988INXS
45.8%
1981REO Speedwagon
45.4%
1984Yes
45.2%
1987Heart
43.9%
1984Ray Parker Jr.
43.6%
1982Chicago
42.2%
1989Chicago
42.2%
1982The Human League
41.7%
1981Kenny Rogers
41%
1989Milli Vanilli
40.7%
1986Eddie Murphy
39.8%
1986Mr. Mister
39.3%
1986Mr. Mister
39.3%
1981John Lennon
39.3%
1987Starship
38.5%
1980Lipps, Inc.
36%
1985Chaka Khan
29.4%
1981Eddie Rabbitt
27.9%
1988Steve Winwood
24.4%
1987Bruce Hornsby & The Range
23.3%
1983Michael Sembello
21.2%
1987Bob Seger
21%
1980Captain and Tennille
20.4%
1986Patti LaBelle and Michael McDonald
17.3%
1987Robbie Nevil
12.3%
1983Patti Austin with James Ingram
11.2%
1989Anita Baker
10.4%
1987Gregory Abbott
9.6%
1988Breathe
8.3%
1986Klymaxx
8.1%
1989Will to Power
7.1%
Remove Ads.
Support Sporcle.
Get the best of Sporcle when you Go Orange. This ad-free experience offers more features, more stats, and more fun while also helping to support Sporcle. Thank you for becoming a member.

You're not logged in!

Compare scores with friends on all Sporcle quizzes.
OR
Log In

Show Comments

Extras

Top Quizzes Today


Score Distribution

Your Account Isn't Verified!

In order to create a playlist on Sporcle, you need to verify the email address you used during registration. Go to your Sporcle Settings to finish the process.

Report this User

Report this user for behavior that violates our Community Guidelines.

Details: